Nepeňažný vklad do základného imania obchodnej spoločnosti od fyzickej osoby
Pokračovanie príspevku z predchádzajúceho čísla. Úpravy týkajúce sa nepeňažných vkladov do základného imania obchodných spoločností boli doplnené do zákona č. 595/2003 Z. z. o dani z príjmov v z. n. p. zákonom č. 504/2009 Z. z., v rámci tzv. podnikových kombinácií.
Saved in:
| Main Author: | |
|---|---|
| Format: | Book Chapter |
| Language: | Slovak |
| Subjects: | |
| Tags: |
No Tags, Be the first to tag this record!
|
MARC
| LEADER | 00000naa a2200000 4500 | ||
|---|---|---|---|
| 001 | 0167791 | ||
| 005 | 20231208085604.7 | ||
| 041 | 0 | |a slo | |
| 044 | |a SK | ||
| 245 | 1 | 0 | |a Nepeňažný vklad do základného imania obchodnej spoločnosti od fyzickej osoby |c Miroslava Brnová |
| 520 | |a Pokračovanie príspevku z predchádzajúceho čísla. Úpravy týkajúce sa nepeňažných vkladov do základného imania obchodných spoločností boli doplnené do zákona č. 595/2003 Z. z. o dani z príjmov v z. n. p. zákonom č. 504/2009 Z. z., v rámci tzv. podnikových kombinácií. | ||
| 610 | 2 | 0 | |a imanie základné |
| 610 | 2 | 0 | |a vklady |
| 610 | 2 | 0 | |a spoločnosti obchodné |
| 610 | 2 | 0 | |a osoby fyzické |
| 610 | 2 | 0 | |a dane z príjmov |
| 100 | 1 | |a Brnová, Miroslava | |